| 000 | 00000nam##2200000za#4500 |
| 001 | 9.572761 |
| 003 | CaOODSP |
| 005 | 20210624183356 |
| 007 | cr ||||||||||| |
| 008 | 150406|2008||||xxc|||||o f|0| 0 eng|d |
| 022 | |a1701-1280 |
| 040 | |aCaOODSP|beng |
| 043 | |an-cn--- |
| 086 | 1 |aFs70-4/2007-049E-PDF |
| 110 | 1 |aCanada. |bDepartment of Fisheries and Oceans. |
| 245 | 10|aProceedings of the PSARC Invertebrate Subcommittee meeting : |h[electronic resource]|bNovember 28, 2007 / |c[by] Ray Lauzier. |
| 246 | 3 |aCompte rendu de la réunion du souscomité du CEESP sur les invertébrés |
| 260 | |aNanaimo - British Columbia : |bFisheries and Oceans Canada |cFebruary 2008. |
| 300 | |a16p.|btables |
| 490 | 1 |aCanadian Science Advisory Secretariat proceedings series|x1701-1280|v2007/049 |
| 546 | |aChiefly English, with bilingual foreword and summary. |
| 590 | |a11-32-Supp|b2011-12-20 |
| 720 | 1 |aLauzier, Ray |
| 830 | #0|aProceedings series (Canadian Science Advisory Secretariat)|x1701-1280|v2007/049|w(CaOODSP)9.506483 |
| 856 | 40|ahttp://publications.gc.ca|qPDF|s89 KB|uhttps://publications.gc.ca/collections/collection_2011/mpo-dfo/Fs70-4-2007-049-eng.pdf|y2007/049 |